| 000 | 00550nam a2200181Ia 4500 | ||
|---|---|---|---|
| 003 | GCL | ||
| 008 | 140319s9999 xx 000 0 ara d | ||
| 020 | _a2017460977 | ||
| 040 |
_aGCL / _cGCL |
||
| 082 | 0 | 4 |
_a329.03 _bا م |
| 100 | 1 | _aاشرف مصطفى توفيق | |
| 245 | 1 | 0 |
_aالمعارضة / _cاشرف مصطفى توفيق |
| 260 |
_aالقاهرة : _bالعربى للنشر والتوزيع |
||
| 300 |
_a154 ص ؛ _c24 سم |
||
| 650 | 0 | 4 | _aالمعارضة ( سياسة ) |
| 650 | 0 | 4 | _aالرأى المخالف |
| 942 |
_2ddc _cBK |
||
| 999 |
_c47987 _d47987 |
||